Programa nacional de inventario y clasificacon de tierras (Registro nro. 8392)

Detalles MARC
000 -CABECERA
Campo de control 00697nam a22001937a 4500
005 - FECHA Y HORA DE LA ULTIMA TRANSACCION
Campo de control 20140421115552.0
008 - ELEMENTOS DE LONGITUD FIJA—INFORMACION GENERAL
Campo de control 140421s1978 ck do gr|||| 00| 0 spa d
041 ## - IDIOMA
Código de idioma para texto/pista de sonido o título separado Español
044 ## - PAÍS DE PUBLICACIÓN
País de publicación Colombia
082 ## - NUMERO DE CLASIFICACION DECIMAL DEWEY
Número de clasificación 550
Número del ítem I24p
110 2# - ASIENTO PRINCIPAL--NOMBRE CORPORATIVO
Nombre corporativo o de jurisdicción como elemento de entrada Instituto Geográfico Agustin Codazzi
245 10 - MENCION DE TITULO
Título Programa nacional de inventario y clasificacon de tierras
Parte restante del título memoria explicativa
Mención de responsabilidad Instituto Geográfico Agustin Codazzi
250 ## - MENCION DE EDICION
Mención de edición Segunda Edición
260 3# - PUBLICACION, DISTRIBUCION, ETC. (PIE DE IMPRENTA)
Lugar de publicación, distribución, etc. Bogotá
Nombre del editor, distribuidor, etc. Instituto Geográfico Agustin Codazzi
Fecha de publicación, distribución, etc. 1978
300 ## - DESCRIPCION FISICA
Extensión 65 p.
Otros detalles físicos fot., tablas
Dimensiones 27 cm
504 ## - NOTA DE BIBLIOGRAFIA, ETC.
Nota de bibliografía Incluye bibliografía (páginas 25 - 29)
650 #4 - ASIENTO SECUNDARIO DE MATERIA - TERMINO TEMATICO
Término temático o nombre geográfico como elemento de entrada Clasificación de tierras
Subdivisión de forma Programa
Subdivisión general Inventario
942 ## - ELEMENTOS ADICIONALES (KOHA)
Sistema de clasificación Dewey Decimal Classification
Tipo de ítem Impreso
Existencias
Withdrawn status Lost status Sistema de Clasificación Damaged status No para préstamo Colección Inventariado Ubicación Permanente Ubicación actual Fecha de adquisición Fuente de Valor Valor Total Checkouts Número topográfico Inventario / Código de Barras Date last seen Ejemplar Price effective from Forma de adquisición Tipo de material
    Dewey Decimal Classification     General Inventariado 2017 Sala Fabio Quevedo Sala Fabio Quevedo 21/04/2014 Instituto 60000.00   LB-550 I24p 034428 21/04/2014 Ej. 1 21/04/2014   Libro